[Event "GER-ch U25-C"]
[Site "Willingen"]
[Date "2023.05.31"]
[Round "6"]
[White "Gattermayer, Jan"]
[Black "Wagner, Valentin Thien Phu"]
[Result "1/2-1/2"]
[WhiteElo "852"]
[BlackElo "857"]
[PlyCount "40"]
[EventDate "2023.05.27"]
[EventType "swiss"]
[EventRounds "9"]
[EventCountry "GER"]
[SourceTitle "CBM 214 Extra"]
[Source "ChessBase"]
[SourceDate "2023.07.31"]
[SourceVersion "1"]
[SourceVersionDate "2023.07.31"]
[SourceQuality "1"]

1. d4 d5 2. Nc3 Nf6 3. Bf4 a6 4. f3 Nc6 5. e4 dxe4 6. fxe4 Nxd4 7. Nf3 Nxf3+ 8. Qxf3 Bg4 9. Qg3 Qc8 10. h3 Nh5 11. Qh2 Nxf4 12. Qxf4 Bh5 13. Nd5 Ra7 14. Be2 Bxe2 15. Kxe2 e6 16. Nxc7+ Ke7 17. Rad1 b6 18. Qd6+ Kf6 19. e5+ Kg6 20. Qd3+ Kh6 1/2-1/2

[Event "GER-ch U25-C"]
[Site "Willingen"]
[Date "2023.05.28"]
[Round "2"]
[White "Schwedhelm, Dennis"]
[Black "Wagner, Valentin Thien Phu"]
[Result "1-0"]
[WhiteElo "1373"]
[BlackElo "857"]
[PlyCount "47"]
[EventDate "2023.05.27"]
[EventType "swiss"]
[EventRounds "9"]
[EventCountry "GER"]
[SourceTitle "CBM 214 Extra"]
[Source "ChessBase"]
[SourceDate "2023.07.31"]
[SourceVersion "1"]
[SourceVersionDate "2023.07.31"]
[SourceQuality "1"]

1. d4 d5 2. c4 dxc4 3. Nc3 Nc6 4. e4 Nf6 5. Bxc4 e5 6. d5 Nd4 7. h3 Bb4 8. a3 Bxc3+ 9. bxc3 Nxe4 10. cxd4 Qh4 11. Qf3 Nd6 12. Ba2 Bg4 13. Qxg4 Qf6 14. Ne2 0-0 15. Bb2 Qf5 16. Qxf5 Nxf5 17. dxe5 Rad8 18. 0-0 Rfe8 19. e6 fxe6 20. dxe6 Rd2 21. e7+ Kh8 22. Rad1 Rxd1 23. Rxd1 Nxe7 24. Rd7 1-0